Language Quiz

Random Language or Letter Quiz

Word Overlaps IV Quiz Stats

 Plays Quiz Updated Mar 26, 2012

Also try: Word Overlaps III
Challenge
Share
Tweet
Embed
Score 0/48 Timer 06:00
1 Play Today
Hint Word % Correct
5 LetterALPHA (▼HA___)
97.4%
5 LetterSHAPE (▼PE___)
95.3%
5 LetterSTEAL (▼AL___)
94.4%
5 LetterPEACH (▼CH___)
88.9%
5 LetterSHAVE (▼VE___)
87.8%
5 LetterHARSH (▼SH___)
87.4%
5 LetterTOAST (▼ST___)
81.6%
7 LetterKETCHUP (▼UP____)
81.2%
7 LetterTSUNAMI (▼MI____)
79%
5 LetterSMASH (▼SH___)
78.6%
8 LetterMERCEDES (▼ES____)
77.4%
7 LetterMISTAKE (▼KE____)
77.4%
7 LetterUPGRADE (▼DE____)
76%
6 LetterARTIST (▼ST___)
75.7%
8 LetterESPRESSO (▼SO____)
75.3%
5 LetterCHASM (▼SM___)
74.7%
6 LetterRECIPE (▼PE___)
74.7%
7 LetterCARROTS (▼TS____)
74%
6 LetterITALIC (▼IC___)
73.7%
5 LetterVERGE (▼GE___)
72.4%
5 LetterGEEKY (▼KY___)
71.8%
5 LetterKYOTO (▼TO___)
71.7%
6 LetterBALLAD (▼AD___)
70.7%
7 LetterTOBACCO (▼CO____)
70.2%
Hint Word % Correct
6 LetterAPPEAR (▼AR___)
69.7%
6 LetterSTROBE (▼BE___)
69.3%
6 LetterPERMIT (▼IT___)
67.5%
6 LetterICECAP (▼AP___)
65.9%
6 LetterAMOEBA (▼BA___)
65%
6 LetterSECURE (▼RE___)
64.8%
7 LetterANYTIME (▼ME____)
64%
6 LetterADVISE (▼SE___)
63.9%
8 LetterSHANGHAI (▼AI____)
62.1%
7 LetterMEMENTO (▼TO____)
62%
7 LetterCOMBUST (▼ST____)
61.6%
8 LetterSTARFISH (▼SH____)
59.2%
6 LetterBEDLAM (▼AM___)
48.8%
7 LetterDEADPAN (▼AN____)
46.8%
8 LetterSOLITUDE (▼DE____)
46.6%
8 LetterINCREASE (▼SE____)
45%
7 LetterREPLICA (▼CA____)
42.3%
7 LetterSTATURE (▼RE____)
42.3%
8 LetterSERENITY (▼TY____)
36.4%
8 LetterDECISIVE (▼VE____)
36.1%
8 LetterTYPECAST (▼ST____)
31.4%
8 LetterVENDETTA (▼TA____)
29.6%
8 LetterTAILSPIN (▼IN____)
27.9%
8 LetterAIRFRAME (▼ME____)
18.8%

You're not logged in!

Compare scores with friends on all Sporcle quizzes.
OR
Log In

You Might Also Like...

Show Comments

Extras

Top Quizzes Today


Score Distribution

Your Account Isn't Verified!

In order to create a playlist on Sporcle, you need to verify the email address you used during registration. Go to your Sporcle Settings to finish the process.

Report this User

Report this user for behavior that violates our Community Guidelines.

Details: